|
|
|
|
| LEADER |
02713nam a22003853i 4500 |
| 001 |
EBC6637599 |
| 003 |
MiAaPQ |
| 005 |
20231204023217.0 |
| 006 |
m o d | |
| 007 |
cr cnu|||||||| |
| 008 |
231204s2020 xx o ||||0 eng d |
| 020 |
|
|
|a 9783110677065
|q (electronic bk.)
|
| 035 |
|
|
|a (MiAaPQ)EBC6637599
|
| 035 |
|
|
|a (Au-PeEL)EBL6637599
|
| 035 |
|
|
|a (OCoLC)1153475422
|
| 040 |
|
|
|a MiAaPQ
|b eng
|e rda
|e pn
|c MiAaPQ
|d MiAaPQ
|
| 082 |
0 |
|
|a 307.1/2160902
|
| 100 |
1 |
|
|a Chiarenza, Nicola.
|
| 245 |
1 |
4 |
|a The Power of Urban Water :
|b Studies in Premodern Urbanism.
|
| 250 |
|
|
|a 1st ed.
|
| 264 |
|
1 |
|a Berlin/Boston :
|b Walter de Gruyter GmbH,
|c 2020.
|
| 264 |
|
4 |
|c ©2020.
|
| 300 |
|
|
|a 1 online resource (280 pages)
|
| 336 |
|
|
|a text
|b txt
|2 rdacontent
|
| 337 |
|
|
|a computer
|b c
|2 rdamedia
|
| 338 |
|
|
|a online resource
|b cr
|2 rdacarrier
|
| 505 |
0 |
|
|a Intro -- Preface -- Contents -- 1. Introduction -- 2. From Nature to Topography -- 3. Fountains and the Ancient City -- 4. Water, Social Space and Architecture at Selinous: the Case of the Urban Sanctuary -- 5. Fountains and Basins in Greek Sanctuaries -- 6. Water in Early Christian Ritual: Baptism and Baptisteries in Corinth -- 7. Aquatic Pasts & -- amp -- the Watery Present: Water and Memory in the Fora of Rome -- 8. Water and Decentring Urbanism in the Roman Period: Urban Materiality, Post-Humanism and Identity -- 9. Water and Urban Structures in the Narrative Worlds of Courtly Novels − Aesthetic and Symbolic Functions -- 10. Syracusan Water Networks in Antiquity -- 11. Meeting Water Needs as a Major Challenge in an Urban Context -- 12. Ice Jams and their Impact on Urban Communities from a Long-term Perspective (Middle Ages to the 19< -- sup> -- th< -- /sup> -- Century) -- 13. Medieval and Post-Medieval Urban Water Supply and Sanitation -- 14. Harbourscapes -- 15. Human Impact on Hydrology -- 16. Water as an Economic Resource and as an Environmental Challenge Within the Urbanisation Process of the Rhine Valley in the 13< -- sup> -- th< -- /sup> -- Century -- List of Contributors.
|
| 588 |
|
|
|a Description based on publisher supplied metadata and other sources.
|
| 590 |
|
|
|a Electronic reproduction. Ann Arbor, Michigan : ProQuest Ebook Central, 2023. Available via World Wide Web. Access may be limited to ProQuest Ebook Central affiliated libraries.
|
| 655 |
|
4 |
|a Electronic books.
|
| 700 |
1 |
|
|a Haug, Annette.
|
| 700 |
1 |
|
|a Müller, Ulrich.
|
| 776 |
0 |
8 |
|i Print version:
|a Chiarenza, Nicola
|t The Power of Urban Water
|d Berlin/Boston : Walter de Gruyter GmbH,c2020
|
| 797 |
2 |
|
|a ProQuest (Firm)
|
| 856 |
4 |
0 |
|u https://ebookcentral.proquest.com/lib/matrademy/detail.action?docID=6637599
|z Click to View
|